000
00214 a2200109 4500
020
_a
9780545646109
041
_a
spa
100
_a
Frank Remkiewicz
245
_a
Gus cultiva una planta
942
_c
BK
952
_7
1
999
_c
21734
_d
21734